Statystyki dla Jak dobrze znasz piosenkę "Przez twe oczy zielone" zespołu Akcent?

Kliknij tutaj aby rozwiązać quiz!

Ogólne statystyki

  • Ten quiz został rozwiązany 73 razy
  • Średni wynik to 17 z 20

Statystyki odpowiedzi

TekstBrakujące słowo% Poprawnych
Odkąd zobaczyłem ...ciebie
100%
Jak do tego ..., nie wiem?doszło
97%
Nie mogę ..., nie mogę spaćjeść
97%
A ja serce miłości spragnione ci ...oddałem
97%
Przez twe oczy, te oczy zielone ...oszalałem
97%
Miłość o sobie dała ...znać
95%
Że miłość przyszła właśnie ...dziś
94%
Że w sercu mym jest ...lato
94%
Co ... mogę na toporadzić
94%
... chyba twym oczom oddały cały blaskGwiazdy
92%
Tak zakochać, ... się można tylko razzakochać
92%
A w moich ... jesteś tymyślach
89%
Serce me dla ciebie ...bije
85%
U ... Ci złożę cały światstóp
85%
O twą miłość będę ...walczył
85%
I moje serce gubi ...rytm
80%
O miłość walczyć to nie ...wstyd
77%
I czeka na twój ... znakmały
71%
Jeden ... twój wystarczyuśmiech
64%
W mych ramionach cię ...ukryję
62%

Rozkład punktacji

Percentyl według liczby udzielonych odpowiedzi

Procent ludzi z każdym wynikiem

Twoja historia wyników

Nie rozwiązałeś tego quizu